Central Library OPAC University of Rajshahi

Brain and intelligence : (Record no. 30685)

MARC details
000 -LEADER
fixed length control field 00858cam a2200265 i 4500
001 - CONTROL NUMBER
control field 30685
003 - CONTROL NUMBER IDENTIFIER
rucl marc code BD-RjUL
005 - DATE AND TIME OF LATEST TRANSACTION
control field 20211209051612.0
008 - FIXED-LENGTH DATA ELEMENTS--GENERAL INFORMATION
fixed length control field 140410r19761947ilua b 001 0 eng d
035 ## - SYSTEM CONTROL NUMBER
System control number (BD-RjUL)30772
040 ## - CATALOGING SOURCE
Original cataloging agency NNC
Transcribing agency NNC
Language of cataloging eng
Modifying agency BD-RjUL
041 ## - LANGUAGE CODE
Language code of text/sound track or separate title eng
082 ## - DEWEY DECIMAL CLASSIFICATION NUMBER
Classification number 151
Author mark and year HAB 1947
090 ## - LOCALLY ASSIGNED LC-TYPE CALL NUMBER (OCLC); LOCAL CALL NUMBER (OCLC)
Classification number (OCLC) (R) ; Classification number, CALL (RLIN) (NR) QP385
Local cutter number (OCLC) ; Book number/undivided call number, CALL (RLIN) .H3 1976
100 1# - MAIN ENTRY--PERSONAL NAME
Personal name Halstead, Ward C.
Fuller form of name (Ward Campbell),
Dates associated with a name 1908-
9 (RLIN) 93213
245 10 - TITLE STATEMENT
Title Brain and intelligence :
Remainder of title a quantitative study of the frontal lobes /
Statement of responsibility, etc. by Ward C. Halstead.
260 ## - PUBLICATION, DISTRIBUTION, ETC. (IMPRINT)
Place of publication, distribution, etc. Chicago :
Name of publisher, distributor, etc. University of Chicago Press,
Date of publication, distribution, etc. c1947.
300 ## - PHYSICAL DESCRIPTION
Pagination xiii, 206 p. :
Illustrations ill. ;
Size 23 cm.
490 1# - SERIES STATEMENT
Series statement Midway reprints
504 ## - BIBLIOGRAPHY, ETC. NOTE
Bibliography, etc Bibliography: [179]-199 & Includes indexes.
650 #0 - SUBJECT ADDED ENTRY--TOPICAL TERM
Topical term or geographic name as entry element Brain
General subdivision Localization of functions.
9 (RLIN) 90635
Topical term or geographic name as entry element Intellect.
9 (RLIN) 395
830 #0 - SERIES ADDED ENTRY--UNIFORM TITLE
Uniform title Midway reprints.
942 ## - ADDED ENTRY ELEMENTS (KOHA)
Source of classification or shelving scheme Dewey Decimal Classification
Koha item type Books
Holdings
Lost status Source of classification or shelving scheme Damaged status Not for loan Collection code Permanent Location Current Location Shelving location Date acquired Source of acquisition Total Checkouts Full call number Date last seen Copy number Koha item type Cost, normal purchase price
  Dewey Decimal Classification   Not For Loan Non-fiction Central Library, University of Rajshahi Central Library, University of Rajshahi Reading Room 28/06/1963 Zitlinger   151 HAB 1947 10/04/2014 C-1 Books  
  Dewey Decimal Classification     Non-fiction Central Library, University of Rajshahi Central Library, University of Rajshahi   27/03/1963 Zitlinger   151 HAB 1947 10/04/2014 C-2 Books 56.00